| 000 | 00536nam a2200181Ia 4500 | ||
|---|---|---|---|
| 005 | 20250326123937.0 | ||
| 008 | 250326s9999 xx 000 0 und d | ||
| 037 | _aTextbook | ||
| 040 |
_aFMSL _beng _cFMSL |
||
| 041 |
_aeng _2eng |
||
| 084 |
_aT(X:8) L0;1 _qFMSL |
||
| 100 | _aDayal I | ||
| 245 | 0 |
_aManagement training in organisations: text, cases and simulated exercises _cDayal I |
|
| 260 |
_aNew Delhi _bNew Delhi, Prentice-Hall _c1970 |
||
| 300 | _a163p | ||
| 942 |
_cTB _hT(X:8) L0;1 |
||
| 999 |
_c1271592 _d1271592 |
||